| 000 | 01692cam a22004214a 4500 | ||
|---|---|---|---|
| 001 | 13015208 | ||
| 003 | OSt | ||
| 005 | 20210417102032.0 | ||
| 008 | 021127r20021978mau b 001 0 eng | ||
| 010 | _a 2002191290 | ||
| 020 | _a0618257764 (pbk.) | ||
| 040 |
_aDLC _cDLC _dDLC |
||
| 042 | _apcc | ||
| 043 | _an-us--- | ||
| 050 | 0 | 0 |
_aE221 _b.W64 2002 |
| 080 |
_a94 _bW-69 |
||
| 082 | 0 | 0 |
_a973.3/13 _221 |
| 100 | 1 |
_aWills, Garry, _d1934- |
|
| 245 | 1 | 0 |
_aInventing America : _bJefferson's Declaration of Independence / _cGarry Wills. |
| 246 | 3 | 3 | _aJefferson's Declaration of Independence |
| 250 | _a1st Mariner Books ed. | ||
| 260 |
_aBoston : _bHoughton Mifflin Co., _c2002. |
||
| 300 |
_axxvi, 398 p. ; _c21 cm. |
||
| 365 | _b15 usd | ||
| 500 | _aOriginally published: New York : Doubleday, 1978. | ||
| 500 | _a"A Mariner book." | ||
| 504 | _aIncludes bibliographical references (p. [372]-373) and indexes. | ||
| 600 | 1 | 0 |
_aJefferson, Thomas, _d1743-1826. |
| 610 | 1 | 0 |
_aUnited States. _tDeclaration of Independence. |
| 650 | _2USA History | ||
| 653 | _aამერიკის შეერთებული შტატების ისტორია | ||
| 856 | 4 | 1 |
_3Table of contents _uhttp://www.loc.gov/catdir/toc/fy035/2002191290.html |
| 856 | 4 | 2 |
_3Publisher description _uhttp://www.loc.gov/catdir/description/hm031/2002191290.html |
| 856 | 4 | 2 |
_3Contributor biographical information _uhttp://www.loc.gov/catdir/enhancements/fy0737/2002191290-b.html |
| 906 |
_a7 _bcbc _corignew _d1 _eocip _f20 _gy-gencatlg |
||
| 942 |
_2udc _cBK |
||
| 999 |
_c146 _d146 |
||